| 000 | 01930nam a22002537a 4500 | ||
|---|---|---|---|
| 008 | 251117b |||||||| |||| 00| 0 eng d | ||
| 020 | _a9781250375087 | ||
| 040 | _ctbs | ||
| 041 | _aeng | ||
| 100 |
_aStevenson, M. _q(Marina) _926526 _eauthor |
||
| 245 |
_aBehooved _c/ M. Stevenson. |
||
| 260 |
_aNew York, NY : _bBramble, Tor Publishing Group, _c2025. |
||
| 300 |
_a341 pages ; _c21 cm. |
||
| 520 | _aA charming slow-burn fantasy featuring a duty-bound noblewoman with a chronic illness, a prince who would rather be in a library than on a throne, and a magical ride through a world of cozy enchantment Bianca knows her duty comes before her heart. So when the threat of war looms, she agrees to marry the neighboring kingdom’s heir. But not all royal weddings are a fairytale, and Prince Aric, Bianca’s betrothed, is cold, aloof, and seems to hate her on sight. To make matters worse, on their wedding night, an assassination attempt goes awry—leaving Aric magically transformed into a horse. Bianca does what any bride in this situation would do: she mounts her new husband and rides away to safety. Sunset returns Aric to human form, but they soon discover the assassination attempt is part of a larger plot against the throne. Worse, Bianca has been framed for Aric’s murder, and she’s now saddled with a husband who is a horse by day and a frustratingly attractive man by night. As an unexpected romance begins galloping away with their hearts, Bianca and Aric must rely on each other to unravel the curse and save the throne. | ||
| 650 | 0 |
_aArranged marriage _vFiction _925566 |
|
| 650 | 0 |
_aAttempted assassination _vFiction _926527 |
|
| 650 | 0 |
_aHorses _vFiction _926528 |
|
| 650 | 0 |
_aMagic _vFiction _924059 |
|
| 650 | 0 |
_aMan-woman relationships _vFiction _911134 |
|
| 650 | 0 |
_aNobility _vFiction _926529 |
|
| 650 | 0 |
_aPrinces _vFiction _926530 |
|
| 655 | 0 |
_aFantasy fiction _922510 |
|
| 942 | _2lcc | ||
| 999 |
_c5185 _d5185 |
||